000 00405nam a2200145Ia 4500
008 151021s9999 xx 000 0 und d
020 _a9966773231
050 _aPL 8707 .W 2007
245 _a_Shingo ya Mbunge na Hadithi Nyingine K W Wamitila
260 _aNairobi Vide muwa 2007
300 _avii,118p.
500 _apamoja na sherehe
650 _a_Hadithi
980 _a^d20120207 11:49:13^okorir
999 _c8844
_d8844